| 000 | 00383nam a2200157Ia 4500 | ||
|---|---|---|---|
| 008 | 230524s9999 xx 000 0 und d | ||
| 082 |
_a621.381 _bBOS |
||
| 100 |
_aWalter C.Bosshart _914901 |
||
| 245 | 0 | _aPrinted Circuit Boards | |
| 250 | _a1ST | ||
| 260 |
_aNEW DELHI _bPHI _c2004 |
||
| 300 | _aXXIII;467 | ||
| 500 | _aQuantity Number: 1 | ||
| 650 | _aElectronics | ||
| 942 | _cBK | ||
| 999 |
_c21356 _d21356 |
||